|
|
|
|
| LEADER |
01348nam a2200325 i 4500 |
| 001 |
c000256324 |
| 003 |
CARM |
| 005 |
00000000000000.0 |
| 008 |
850329m19731983ne b 000 0 eng d |
| 019 |
1 |
|
|a 316401
|z 41553980
|z 45126196
|5 LACONCORD2021
|
| 020 |
|
|
|a 9004036601 (v. 1)
|
| 035 |
|
|
|a (OCoLC)828926
|5 LACONCORD2021
|
| 041 |
0 |
|
|a engfreger
|
| 082 |
0 |
4 |
|a 270.1/092/4
|
| 100 |
1 |
|
|a Unnik, W. C. van
|q (Willem Cornelis),
|d 1910-1978.
|
| 245 |
1 |
0 |
|a Sparsa collecta :
|b the collected essays /
|c of W. C. van Unnik.
|
| 260 |
|
|
|a Leiden :
|b Brill,
|c 1973-1983.
|
| 300 |
|
|
|a 3v.
|
| 440 |
|
0 |
|a Supplements to Novum Testamentum ;
|v 29
|
| 500 |
|
|
|a English, French, or German.
|
| 504 |
|
|
|a Includes bibliographical references.
|
| 650 |
|
0 |
|a Reformed Church.
|
| 650 |
|
0 |
|a Theology.
|
| 852 |
8 |
|
|b CARM
|h A2:AQ26G0
|i C08486
|p 0329599
|f BK
|
| 852 |
8 |
|
|b CARM
|h A2:AQ26G0
|i C08486
|p 0329600
|f BK
|
| 852 |
8 |
|
|b CARM
|h A2:AQ26G0
|i C08486
|p 0329601
|f BK
|
| 999 |
f |
f |
|i 25c83449-508a-51da-b03b-c17f1ca94c2b
|s 500f145c-6c48-5921-8540-58d089ca6277
|
| 952 |
f |
f |
|p Can circulate
|a CAVAL
|b CAVAL
|c CAVAL
|d CARM 1 Store
|e C08486
|f A2:AQ26G0
|h Other scheme
|i book
|m 0329601
|
| 952 |
f |
f |
|p Can circulate
|a CAVAL
|b CAVAL
|c CAVAL
|d CARM 1 Store
|e C08486
|f A2:AQ26G0
|h Other scheme
|i book
|m 0329600
|
| 952 |
f |
f |
|p Can circulate
|a CAVAL
|b CAVAL
|c CAVAL
|d CARM 1 Store
|e C08486
|f A2:AQ26G0
|h Other scheme
|i book
|m 0329599
|